000 00340nam a2200157Ia 4500
003 Ost
005 20260225132558.0
008 260225s9999||||xx |||||||||||||| ||und||
040 _cfsic
041 _afre
082 _a440
100 _aHELMORE
_eAuteur
245 0 _aA.B.C de la presse écrite /
245 0 _cHELMORE
942 _cكتاب
999 _c34556
_d34556